000 00424cam a2200181ua 4500
001 9041
008 150220n ii |||gr||||Z||||||eng
040 _cMAIN
041 _aeng
082 _a294.5
100 _aGreen, M.,
_eAuthor.
245 1 _aTales from the Ramayana
_cBy Margery Green
250 _a1st.
260 _aMadras:
_bMacmillan,
_c1967.
300 _a116p.
653 _aReligions ofIndic origin
942 _cBK
999 _c8131
_d8131